000 09904nam a22007217a 4500
005 20110221103838.0
010 _a B-434439-480
020 _a9788190483636
_c200.00
035 _aB-434439-480
037 _bब्ल्यू बेरी
082 _a
100 _aप्रकाश मनु
_91073
245 _aअद्भुत कहानियाँ ज्ञान-विज्ञान की /
_cप्रकाश मनु
260 _aदिल्ली
_bकैटरपिल्लर पब्लिशर्स
_c2010
270 _a1376, द्वितीय तल, कश्मीरी गेट
_bदिल्ली
_e110006
300 _a112पृ.
_c22सेमी (सजिल्द)
_bसचित्र
600 _aसहस्त्रार्जुन
_930803
600 _aSahastrarjun
_930804
942 _2ddc
_cCH
_mप्रकाश
_h
999 _c50679
_d50679